[Event "4th Xinqiao Cup 2018"]
[Site "Wenzhou"]
[Date "2018.08.11"]
[Round "1"]
[White "Topalov, Veselin"]
[Black "Ding, Liren"]
[Result "0-1"]
[WhiteElo "2747"]
[BlackElo "2797"]
[Annotator "TA"]
[PlyCount "112"]
[EventDate "2018.08.11"]
[EventType "match"]
[EventCountry "CHN"]
[SourceTitle "playchess.com"]
[Source "ChessBase"]
[SourceQuality "1"]

{[%evp 11,112,33,34,12,16,-4,18,16,16,0,12,0,16,14,19,-4,0,0,3,-33,16,9,13,10,24,0,16,16,13,13,37,2,18,35,31,17,32,32,13,16,42,50,55,19,22,24,87,62,62,57,75,60,68,20,49,23,83,0,0,0,0,0,0,0,0,0,0,0,0,-111,-93,-105,-77,-192,-210,-187,-189,-182,-134,-110,-118,-215,-218,-226,-220,-264,-258,-220,-183,-385,-375,-635,-418,-583,-591,-757,-757,-688,-822,-929,-879,-895,-839]} 1. d4 Nf6 2. c4 g6 3. Nf3 Bg7 4. e3 O-O 5. Be2 d6 6. Nc3 Bf5 {LiveBook: 15 Partien. E61: Königsindisch (Abweichungen der Hauptvariante)} 7. Qb3 (7. O-O a5 8. d5 Na6 9. Nd4 Bd7 10. e4 Nc5 11. f3 e5 12. dxe6 fxe6 13. Be3 Nh5 14. g3 {½-½ (43) Ding,L (2791)-Vachier Lagrave,M (2789) Stavanger 2018}) 7... b6 8. d5 $146 ({Vorgänger:} 8. Ng5 Bd7 9. Bf3 Nc6 10. h4 Rb8 11. h5 e5 12. hxg6 hxg6 13. Bxc6 Bxc6 14. d5 Bd7 15. e4 Nh5 16. g3 Qf6 17. Ne2 Bh6 18. Nf3 Bxc1 19. Rxc1 Kg7 20. Rh4 Qe7 21. Qe3 {½-½ (21) Birnbaum,K (1917)-Siebenwirth,C (1812) Bayern 2010}) 8... a5 {Die Stellung ist ausgeglichen.} 9. Nd4 Bd7 10. O-O Na6 11. Qd1 Nc5 12. Bf3 Rc8 13. a3 e5 14. dxe6 Nxe6 15. Re1 Nxd4 16. exd4 Re8 17. Be3 Be6 18. d5 Bd7 19. h3 Re7 20. Qd2 Qf8 21. Bd4 Rce8 22. Rxe7 Qxe7 23. b4 $36 {[%mdl 2048] Weiss hat Druck.} h5 24. bxa5 bxa5 25. Rc1 Kh7 {Mit der Idee ...Lh6.} 26. Be3 a4 27. Bf4 Bf5 28. Nb5 Be4 (28... Qd7 $1 $11) 29. Re1 Qd7 {Schwarz will ...Lxf3 spielen.} 30. Be2 $1 Bf5 31. Bf1 Ne4 32. Qe3 Nf6 33. Qc1 Ne4 34. Re3 (34. f3 $1 $16 {[%cal Rf3e4]} Nc5 35. Rxe8 Qxe8 36. g4) 34... g5 $1 $11 {[%cal Rg5f4]} 35. Bh2 Bh6 {...g4 ist eine echte Drohung.} 36. g4 hxg4 37. hxg4 Bxg4 38. Bd3 f5 39. Qe1 {Droht f3 und aus.} ({Natürlich nicht} 39. f3 Bxf3 $1 {[%mdl 512]} 40. Rxf3 g4 $17) 39... Bh5 40. Bxe4 (40. Nd4 $11 g4 41. Bxe4 fxe4 42. Rxe4) 40... fxe4 $17 41. Nd4 Bf7 42. Bg3 (42. Qe2 $17) 42... Bg7 $19 43. Nb5 Bg6 44. Qe2 Re7 45. f3 {[%cal Rf3e4]} Qh3 46. Qh2 (46. fxe4 $17 Bxe4 47. Qh2 Qxh2+ 48. Kxh2) 46... Qxh2+ 47. Kxh2 Bb2 $1 48. c5 {[#]} Bc1 $1 {[%cal Rc1e3]} ({Bloß nicht} 48... dxc5 49. Nxc7 Kg8 50. Ne6 $19) 49. cxd6 cxd6 ({Jedoch nicht} 49... Bxe3 50. dxe7 exf3 51. Nxc7 $17) 50. Rc3 $2 {[#]} (50. Re1 {einziger Zug.} Bd2 51. Rd1) 50... Bd2 $1 51. Bxd6 $2 (51. fxe4 Bxc3 52. Nxc3) 51... Rb7 52. Rc7+ Rxc7 {Schwarz steht klar auf Gewinn.} 53. Bxc7 exf3 54. Kg3 Be4 {( -> ...Le1+)} 55. Bb6 Bxd5 56. Bf2 Bc1 {Precision: Weiß = 43%, Schwarz = 65%.} 0-1

[Event "4th Xinqiao Cup 2018"]
[Site "Wenzhou"]
[Date "2018.08.11"]
[Round "1"]
[White "Dzagnidze, Nana"]
[Black "Tan, Zhongyi"]
[Result "1/2-1/2"]
[WhiteElo "2519"]
[BlackElo "2530"]
[Annotator "TA"]
[PlyCount "95"]
[EventDate "2018.08.11"]
[EventType "match"]
[EventCountry "CHN"]
[SourceTitle "playchess.com"]
[Source "ChessBase"]
[SourceQuality "1"]

{[%evp 28,95,38,28,33,32,34,40,47,19,34,8,12,0,52,55,61,67,50,64,183,123,116,54,77,76,75,39,54,55,92,54,111,0,0,0,0,0,0,-9,0,-33,-12,-27,-26,-73,-25,-14,-13,-66,0,0,0,-6,0,0,0,0,0,0,172,183,163,0,0,0,143,0,157,0]} 1. e4 e5 2. Nf3 Nc6 3. Bb5 Nf6 4. O-O Nxe4 5. Re1 Nd6 6. Nxe5 Nxe5 7. Rxe5+ Be7 8. Bf1 O-O 9. d4 Bf6 10. Re1 Nf5 {C67: Ruy Lopez: Berlin Defence: 4 0-0 Nxe4} 11. d5 d6 (11... Re8 12. Rxe8+ Qxe8 13. Qd3 d6 14. Nd2 Bg5 15. Nf3 Bxc1 16. Rxc1 Bd7 17. Re1 Qd8 18. Qc4 {1-0 (31) Carlsen,M (2843)-Aronian,L (2764) Stavanger 2018}) 12. Nd2 Bg5 13. Ne4 Bxc1 14. Rxc1 Bd7 15. c4 {LiveBook: 3 Games} Re8 16. Qd2 {[#]} Re5 $146 ({Predecessor:} 16... Qh4 17. g3 Qg4 {½-½ (17) Brkic,A (2477)-Yemelin,V (2540) Neum 2005}) 17. Bd3 Qh4 18. f4 Re7 19. c5 {White wants to play Qf2.} Rae8 20. b4 a5 (20... a6 $11) 21. c6 $14 bxc6 22. dxc6 Bc8 23. bxa5 {Threatens to win with Nf2.} d5 ({Better is} 23... Kf8 $1 $14) 24. Ng3 (24. Nf2 $1 $18) 24... Ne3 $16 {Threatening ...Ng4.} 25. Nf1 (25. a6 $1 $16 {[%cal Ra6a7]} Qxf4 26. Nf1) 25... Nc4 $14 26. Rxe7 Qxe7 27. Bxc4 dxc4 28. Rxc4 h6 29. Rc3 Ba6 30. Ne3 ({White should try} 30. h3 $1 $16) 30... Rd8 $11 31. Qf2 Qb4 32. Rb3 Qxa5 33. h3 Qc5 34. Qf3 Bb5 35. Kh2 Bxc6 36. Qg3 Be4 37. Ng4 {And now Nf6+ would win.} Kh7 38. Re3 (38. Rc3 $11 Qb6 39. Qe3) 38... f5 (38... Qc2 $15 39. Nf2 Bf5) 39. Ne5 $36 {[%mdl 2048] Black must now prevent Qg6+. Black is under pressure.} Qb6 40. Rb3 Qa6 {...Rd2 is the strong threat.} 41. Rb2 Rd6 42. h4 Qa7 43. h5 Rd1 $2 (43... Qa8 $11) 44. Qg6+ $18 Kg8 45. Qe6+ Kh7 46. Qg6+ Kg8 {[#]} 47. Qe8+ $1 Kh7 {[#]} 48. Qg6+ $2 {Precision: White = 56%, Black = 53%.} (48. Kg3 $1 $16 Rg1 49. Qg6+ Kg8 50. Nf3) 1/2-1/2

[Event "4th Xinqiao Cup 2018"]
[Site "Wenzhou"]
[Date "2018.08.12"]
[Round "2"]
[White "Ding, Liren"]
[Black "Topalov, Veselin"]
[Result "1/2-1/2"]
[WhiteElo "2797"]
[BlackElo "2747"]
[Annotator "TA"]
[PlyCount "80"]
[EventDate "2018.08.11"]
[EventType "match"]
[EventCountry "CHN"]
[SourceTitle "playchess.com"]
[Source "ChessBase"]
[SourceQuality "1"]

{[%evp 24,80,17,0,0,0,0,0,0,0,0,0,0,0,25,24,37,34,29,34,59,59,128,81,137,142,137,139,167,180,226,163,225,202,293,257,293,0,152,0,260,87,89,93,76,0,0,0,0,0,0,0,0,0,0,0,0,0,0]} 1. c4 e5 2. g3 Nf6 3. Bg2 d5 4. cxd5 Nxd5 5. Nc3 Nb6 6. Nf3 Nc6 7. O-O Be7 8. a3 Be6 9. b4 {A29: Englische Eröffnung (Vierspringer-Variante)} (9. d3 O-O 10. b4 a5 11. b5 Nd4 12. Bb2 f6 13. Nd2 c6 14. bxc6 Nxc6 15. Na4 Rb8 16. Rc1 Nxa4 17. Qxa4 Nd4 18. Qd1 a4 19. e3 Nb3 20. Nxb3 Bxb3 {1-0 (51) Li,C (2720)-Ma,Q (2637) China 2017}) 9... Nd4 10. Rb1 Nxf3+ 11. Bxf3 c6 12. d3 O-O 13. Bb2 {LiveBook: 6 Partien} f5 14. Na4 Nd7 15. Qc2 Qc7 $146 ({Vorgänger:} 15... Qe8 16. Ba1 Qf7 17. Nc5 Nxc5 18. bxc5 Bf6 19. Rb4 {½-½ (52) Sokolovs,A (2480)-Solozhenkin,E (2480) Lublin 1993}) 16. Nc5 Nxc5 17. bxc5 Rad8 18. Ba1 Rd7 19. Rb4 a5 20. Ra4 Bd5 21. e4 Be6 22. exf5 Rxf5 (22... Bxf5 $14 23. Be4 Bxe4 24. dxe4 Kh8) 23. Be4 Rd5 (23... Rf8 $142) 24. d4 $16 Qd7 25. Bxd5 (25. dxe5 $6 Bxc5 26. Bxf5 Bxf5 $14) 25... Qxd5 26. Re1 Kf7 27. Re2 h5 (27... g6 {ist eine bessere Verteidigung.} 28. Bb2 (28. Rxe5 Rxe5 29. dxe5 Bxc5 $16) 28... Qf3) 28. dxe5 Qf3 (28... Rf3 {war angesagt.} 29. Bd4 (29. Rxa5 Rd3 $11) 29... Bf5) 29. Re3 $18 ({Nicht} 29. Rxa5 $2 Bd5 $19) 29... Qd5 30. Re2 (30. Rxa5 $18 h4 31. Re4) 30... Qf3 $1 $16 31. Re3 ({Aber nicht} 31. Rxa5 $2 Bd5 $19) (31. Rd4 $16 Qxa3 32. Ra4 Qxc5 33. Qxc5 Bxc5 34. Rxa5) 31... Qd5 $18 32. Rf4 $2 {[#]} (32. Rxa5 $18 {und Weiss behält klar die Oberhand. Schwarz muss nun Lb2 beachten.} h4 33. Re4) 32... Rxf4 $16 33. gxf4 g6 34. Rg3 (34. Rc3 $16) 34... Bf5 $11 {Die Stellung ist ausgeglichen.} 35. Qb3 Bxc5 36. Qxb7+ Ke8 {[#] Und ...Dd1+ würde nun gewinnen.} 37. Qb8+ Ke7 {Droht ...h4 und aus.} 38. Qb7+ Ke8 39. Qb8+ Ke7 $1 {...h4 ist eine echte Drohung.} 40. Qb7+ Ke8 {Precision: Weiß = 64%, Schwarz = 57%.} 1/2-1/2

[Event "4th Xinqiao Cup 2018"]
[Site "Wenzhou"]
[Date "2018.08.12"]
[Round "2"]
[White "Tan, Zhongyi"]
[Black "Dzagnidze, Nana"]
[Result "1/2-1/2"]
[WhiteElo "2530"]
[BlackElo "2519"]
[Annotator "ChessBase"]
[PlyCount "99"]
[EventDate "2018.08.11"]
[EventType "match"]
[EventCountry "CHN"]
[SourceTitle "playchess.com"]
[Source "ChessBase"]
[SourceQuality "1"]
[TimeControl "40/5400+30:1800+30"]

1. e4 c5 2. Nf3 e6 3. d4 cxd4 4. Nxd4 Nc6 5. Nc3 a6 6. Be2 Qc7 7. O-O Nf6 8. Be3 b5 9. Nxc6 dxc6 10. f4 b4 11. Na4 c5 12. c3 Rb8 13. cxb4 Rxb4 14. Rc1 Nxe4 15. a3 Rb8 16. Bf3 Bb7 17. Bxe4 Bxe4 18. Bxc5 Rxb2 19. Nxb2 Bxc5+ 20. Kh1 Qb7 21. Qg4 Qxb2 22. Rxc5 O-O 23. Qg3 Rd8 24. Rfc1 Bb7 25. h3 h6 26. R5c2 Qb5 27. Kh2 Rd3 28. Qf2 Rxa3 29. Rb2 Rb3 30. Rcb1 Rxb2 31. Qxb2 Qxb2 32. Rxb2 Bd5 33. Rb6 Bc4 34. Kg3 Kh7 35. Rb7 Kg6 36. Rc7 Bb5 37. Kf3 Kf6 38. g4 g5 39. Kg3 Bd3 40. h4 gxh4+ 41. Kxh4 Be2 42. Rc8 Bf3 43. Kg3 Bd5 44. Kf2 a5 45. Rc5 a4 46. Ra5 Bb3 47. Ke3 Bd1 48. g5+ hxg5 49. Rxg5 Bb3 50. Ra5 1/2-1/2

[Event "4th Xinqiao Cup 2018"]
[Site "Wenzhou"]
[Date "2018.08.13"]
[Round "3"]
[White "Topalov, Veselin"]
[Black "Ding, Liren"]
[Result "1/2-1/2"]
[WhiteElo "2747"]
[BlackElo "2797"]
[Annotator "TA"]
[PlyCount "120"]
[EventDate "2018.08.11"]
[EventType "match"]
[EventCountry "CHN"]
[SourceTitle "playchess.com"]
[Source "ChessBase"]
[SourceQuality "1"]

{[%evp 19,120,8,12,0,0,0,0,0,0,-1,0,0,-33,-13,-21,-39,0,-12,0,0,60,43,39,42,49,50,45,47,51,50,46,54,62,66,64,31,19,22,36,58,31,11,8,15,58,29,29,29,29,29,29,29,29,22,29,29,32,32,58,58,58,58,58,58,58,58,58,58,58,58,58,58,58,0,58,50,65,0,0,0,0,0,0,0,0,0,0,0,0,0,0,0,0,0,0,0,0,0,0,0,0,0,0]} 1. d4 Nf6 2. c4 e6 3. Nc3 Bb4 4. Nf3 O-O 5. Bg5 {[%cal Bc1g5,Bg5h4,Bh4g3][%mdl 32]} c5 6. Rc1 h6 {E21: Nimzo-Indian: 4 Nf3} 7. Bh4 cxd4 8. Nxd4 d5 9. cxd5 g5 10. Bg3 Qxd5 {LiveBook: 7 Games} 11. e3 Qxa2 12. Bd3 $146 ({Predecessor:} 12. Qc2 Nd5 13. h4 Nxc3 14. hxg5 {½-½ (38) Brunner,N (2471)-Leko,P (2693) Germany 2017}) 12... Qxb2 13. O-O $1 {[#] Ncb5 is the strong threat.} Bxc3 14. Rc2 Qb4 15. Nb5 e5 16. Rxc3 Nc6 17. f4 Bg4 18. Qc2 $1 {[#] And now fxg5 would win.} exf4 19. exf4 Rac8 (19... Nd5 $11 20. Rb3 Qe7) 20. Bc4 $36 {[%mdl 2048] White fights for an advantage.} Qc5+ $1 21. Kh1 Qf5 $1 {Hoping for ...Ne4.} 22. Bd3 Qd7 {Strongly threatening ...Nb4.} 23. fxg5 Nb4 24. Qf2 Nxd3 25. Qxf6 Qxb5 26. gxh6 {[%csl Gh6][%cal Rf6g7]} Nf2+ $1 27. Rxf2 {[%csl Gh6][%cal Rf6g7]} (27. Qxf2 $5 {[%cal Rc3c8]} Rxc3 28. Qf6 Qxf1+ 29. Qxf1 $14) 27... Qb1+ 28. Rf1 {[%csl Gh6][%cal Rf6g7]} Qg6 $1 {[%cal Rg6f6]} 29. Rxc8 Rxc8 30. Qe7 {Threatens to win with h3.} Be6 31. Qxb7 Qxh6 32. Qxa7 Rc1 33. Rg1 Rxg1+ 34. Qxg1 Bd5 35. Qd1 Qe6 36. Qd2 Qf5 {[%cal Rf5f1]} 37. Kg1 Qb1+ 38. Be1 Qb6+ 39. Kh1 Qf6 {[%cal Rf6f1]} 40. h3 Qf5 41. Kh2 f6 42. Bf2 Kf7 43. Bd4 Ke6 44. Qe3+ Qe4 45. Qf2 Qf5 46. Qg3 ({White should try} 46. Qd2 $14) 46... Qe4 (46... Bxg2 $1 $11 47. Qg8+ Ke7) 47. Bc3 Kf5 48. Qf2+ ({Better is} 48. Kg1 $14) 48... Qf4+ $11 {The position is equal.} 49. Qxf4+ (49. Kg1 {is interesting.} Qxf2+ 50. Kxf2 Kg5 51. Bd2+ Kh4 52. Kg1) 49... Kxf4 50. Bxf6 {[%mdl 4096] Endgame KB-KB} Kf5 51. Bc3 Kg6 52. g4 Be6 53. Kg3 Bd7 54. h4 Be6 55. h5+ Kh7 56. Kf4 Bd7 57. g5 Be8 58. Kg4 Bf7 59. g6+ Bxg6 60. hxg6+ Kxg6 {Precision: White = 78%, Black = 69%.} 1/2-1/2

[Event "4th Xinqiao Cup 2018"]
[Site "Wenzhou"]
[Date "2018.08.13"]
[Round "3"]
[White "Dzagnidze, Nana"]
[Black "Tan, Zhongyi"]
[Result "1-0"]
[WhiteElo "2519"]
[BlackElo "2530"]
[Annotator "TA"]
[PlyCount "111"]
[EventDate "2018.08.11"]
[EventType "match"]
[EventCountry "CHN"]
[SourceTitle "playchess.com"]
[Source "ChessBase"]
[SourceQuality "1"]

{[%evp 23,111,35,26,0,0,0,-3,0,-4,0,13,-1,23,-10,-15,-18,-13,-23,-12,-6,0,0,0,0,0,0,0,0,0,0,0,0,0,0,0,0,0,0,0,0,0,0,0,0,0,0,0,0,0,-12,-16,-12,60,50,87,48,58,65,147,141,140,139,185,162,206,166,250,245,238,218,264,187,368,269,706,667,637,661,985,1017,6203,6095,4134,1061,29982,29983,29983,29984,29982,29985]} 1. e4 e5 2. Nf3 Nc6 3. Bb5 {[%cal Bf1b5,Bb5a4,Ba4b3,Bb3c2][%mdl 32]} a6 4. Ba4 Nf6 5. O-O Nxe4 6. d4 b5 7. Bb3 d5 8. dxe5 Be6 9. c3 Be7 10. Nbd2 O-O 11. Bc2 f5 12. exf6 Nxf6 {LiveBook: 43 Partien} 13. Qe2 {C83: Spanische Partie (Offene Verteidigung/Hauptvariante)} (13. Nb3 Bg4 14. Qd3 Qd7 15. Nbd4 Nxd4 16. cxd4 Bxf3 17. Qxf3 g6 18. Qd3 Bd6 19. f3 Nh5 20. Bh6 Rf7 21. Qd2 {½-½ (54) Anton Guijarro,D (2627)-Vidit,S (2658) Martuni 2016}) 13... Qd7 14. Re1 Bf5 15. Bxf5 {Die Stellung ist ausgeglichen.} Qxf5 16. Nf1 $146 ({Vorgänger:} 16. Nb3 Rae8 17. Qe6+ Qxe6 18. Rxe6 Bd6 19. Rxe8 Rxe8 20. Kf1 Ng4 {1-0 (47) Van Baarle,J-Westra,B Velp 1978}) 16... Bd6 17. Be3 Rae8 18. Rad1 Ne5 19. Nxe5 Rxe5 20. f3 Rfe8 21. Qd2 Qe6 22. Bf2 Bc5 {Weiss muss nun ...Txe1 beachten.} 23. Rxe5 Bxf2+ 24. Qxf2 Qxe5 25. Qc5 h5 26. b4 h4 27. Rd3 Qe2 28. Re3 Rxe3 29. Qxe3 Qxa2 30. Qe6+ Kf8 31. Qc8+ Ne8 32. Qf5+ Nf6 {Schwarz will ...Dc4 spielen.} 33. Qc8+ Ne8 34. Qf5+ Ke7 35. Qg5+ Kd7 36. Qg4+ Kc6 37. Qxh4 Nd6 ({Günstiger ist} 37... Nf6 $11) 38. Qd4 $1 $14 a5 {[#]} 39. bxa5 $1 (39. Qxg7 $2 a4 $19) 39... Qxa5 40. Ne3 $1 Qa2 {[#]} (40... Qa1+ $14 41. Kf2 Qa2+ 42. Kg3 Ne8) 41. h4 $1 $16 g6 42. Kh2 Qb3 43. Kh3 Qa2 44. Kg4 Nf5 (44... Qf2 $142 45. g3 (45. Qxd5+ Kb6 $16) 45... Kb7) 45. Nxf5 $18 gxf5+ {[%mdl 4096] Endspiel KD-KD} 46. Kg3 (46. Kxf5 Qxg2 47. Qf6+ Kb7 $16) 46... Qe2 47. h5 {[%cal Bh4h5,Bh5h6,Bh6h7][%mdl 32] Und h6 würde nun gewinnen.} Qe1+ $2 (47... Qe6 48. Qg7 Qe1+ 49. Kf4 Qh4+ 50. g4 (50. Kxf5 Qxh5+ 51. Kf4 Qh2+ 52. Ke3 Qg1+ 53. Ke2 Qh2 $11) 50... fxg4) 48. Kf4 Qh4+ $2 (48... Qe6 49. Qg7 d4 50. cxd4 Qd6+ 51. Kxf5 b4) 49. g4 fxg4 50. fxg4 Qh2+ 51. Kg5 Kd6 52. h6 Qc2 53. Kf6 (53. Qf6+ $142 Kc5 54. Qe7+ Kc6 55. h7 Qc1+ 56. Kg6) 53... c5 54. Qe5+ {Weiß setzt Matt.} Kc6 55. Kg7 b4 56. h7 {Precision: Weiß = 75%, Schwarz = 35%.} 1-0

[Event "4th Xinqiao Cup 2018"]
[Site "Wenzhou"]
[Date "2018.08.14"]
[Round "4"]
[White "Ding, Liren"]
[Black "Topalov, Veselin"]
[Result "1-0"]
[WhiteElo "2797"]
[BlackElo "2747"]
[Annotator "TA"]
[PlyCount "79"]
[EventDate "2018.08.11"]
[EventType "match"]
[EventCountry "CHN"]
[SourceTitle "playchess.com"]
[Source "ChessBase"]
[SourceQuality "1"]

{[%evp 18,79,15,23,28,19,29,37,41,33,49,25,63,68,68,76,64,63,72,66,85,76,95,103,102,92,100,87,109,129,167,130,175,183,174,156,291,130,141,138,131,94,95,97,105,102,93,93,159,96,141,140,129,134,118,126,204,228,358,361,501,502,1187,1103]} 1. d4 Nf6 2. c4 e6 3. Nf3 d5 4. g3 Bb4+ 5. Bd2 Bd6 (5... Be7 6. Bg2 O-O 7. O-O Nbd7 8. b4 c6 9. a4 Bd6 10. Qc2 e5 11. cxd5 cxd5 12. dxe5 Nxe5 13. Bc3 Re8 14. Nbd2 Nxf3+ 15. Bxf3 Bh3 {½-½ (58) So,W (2778)-Karjakin,S (2782) Stavanger 2018}) 6. Nc3 {E01: Catalan: Early deviations} O-O 7. Bg5 c6 8. Bg2 h6 9. Bxf6 Qxf6 10. O-O {LiveBook: 16 Games} Qd8 11. c5 Bc7 $146 ({Predecessor:} 11... Be7 12. e4 b6 {½-½ (43) Cleto,D (2283)-Cumming,D (2306) ICCF email 2017}) 12. e4 b6 13. b4 {[%cal Bb2b4,Bb4c5][%mdl 32]} bxc5 14. bxc5 dxe4 15. Nxe4 Ba6 {[%cal Bc8a6,Ba6c4,Bc4d5][%mdl 32]} 16. Re1 {[%cal Bf1e1,Be1e3,Be3b3,Bb3b7][%mdl 32]} Bc4 17. Qa4 Bd5 18. Re3 Qc8 19. Nc3 Bd8 20. Rb1 Bf6 21. Bf1 Rd8 {With the idea ...Bxf3.} 22. Nxd5 cxd5 23. Reb3 Re8 24. Rb7 Re7 25. Rxe7 Bxe7 26. Ne5 Bf6 {[#]} (26... g6 $16 {keeps fighting.} 27. Kg2 Bf6) 27. f4 (27. c6 $1 $18 {is the precise move to win.}) 27... g6 28. h4 h5 29. Kf2 Kg7 30. Ke3 a6 31. Rb6 Ra7 32. Bd3 $40 {[%mdl 128] White wants a kill.} Ra8 (32... Bd8 $142) 33. Qc2 (33. Qb4 $142) 33... Nd7 $16 34. Rc6 {[%cal Bb6c6,Bc6c7,Bc7b7][%mdl 32]} Qe8 {Hoping for ...Nxe5.} 35. Rc7 Nxe5 36. fxe5 ({Weaker is} 36. dxe5 Bd8 $17) 36... Bd8 (36... Qb8 $16 {might work better.} 37. exf6+ Kg8) 37. Rb7 $18 {Black must now prevent Bxg6.} Qc6 (37... Rc8 $142 38. Bxg6 (38. Bxa6 Qc6 $16) 38... Rc7) 38. Qb1 Bc7 {[#]} 39. Bxg6 $1 {[%mdl 512]} Rg8 {[#]} (39... Rf8 $142 40. Bxh5 Kg8) (39... fxg6 40. Qb6) 40. Bxf7 $1 {[%mdl 512] Precision: White = 77%, Black = 46%.} 1-0

[Event "4th Xinqiao Cup 2018"]
[Site "Wenzhou"]
[Date "2018.08.14"]
[Round "4"]
[White "Tan, Zhongyi"]
[Black "Dzagnidze, Nana"]
[Result "0-1"]
[WhiteElo "2530"]
[BlackElo "2519"]
[Annotator "TA"]
[PlyCount "78"]
[EventDate "2018.08.11"]
[EventType "match"]
[EventCountry "CHN"]
[SourceTitle "playchess.com"]
[Source "ChessBase"]
[SourceQuality "1"]

{[%evp 14,78,64,62,90,68,68,68,64,66,68,68,68,71,72,71,86,70,60,42,64,0,50,20,17,-42,-33,-41,-36,-49,-44,-142,-144,-131,-129,-123,-144,-134,0,0,0,-136,0,-183,-141,-247,-237,-297,-291,-355,-302,-647,-652,-4694,-5510,-5269,-5269,-1175,-29952,-29943,-29948,-29947,-29948,-10572,-5604,-4710,-4710]} 1. e4 c6 2. d4 d5 3. e5 c5 4. dxc5 Nc6 5. Nf3 Bg4 6. Bb5 e6 {B12: Caro-Kann: Advance Variation} 7. b4 a5 8. c3 {LiveBook: 11 Games} f6 $146 {White is slightly better.} ({Predecessor:} 8... g6 9. Qa4 Qc7 10. Nd4 Nge7 11. Bf4 f6 12. Bd3 Qb8 13. b5 Nxe5 14. O-O {½-½ (52) Onischuk,V (2612)-Motylev,A (2653) Al Ain 2015}) 9. h3 Bxf3 $1 10. Qxf3 Be7 11. O-O fxe5 12. Qh5+ Kf8 13. Bxc6 bxc6 14. Qxe5 axb4 15. Qxe6 (15. cxb4 $2 Bf6 $19) 15... Bf6 16. Bf4 {Re1 is the strong threat.} (16. Qxc6 Ne7 $11) 16... Qc8 $1 {[%cal Rc8e6]} 17. Bd6+ Ne7 18. Qe3 Kf7 19. Bxe7 (19. Qf4 $11) 19... Re8 $15 20. Qf4 (20. cxb4 $2 Bxa1 21. Qf3+ Kxe7 $19) 20... Rxe7 21. Qxb4 Qb7 22. Qf4 (22. Qxb7 $15 Rxb7 23. a3) 22... Qb2 $1 $17 {[%cal Rb2a1]} 23. Nd2 g5 24. Qf5 Qxd2 25. Qxh7+ Kf8 (25... Bg7 $1 $17 26. Qf5+ Kg8) 26. Qh6+ $11 Kf7 ({Better is} 26... Bg7 $11 27. Qxc6 Rd8) 27. Qh7+ $17 {[#]} Kf8 (27... Bg7 $1 $17 28. Qf5+ Kg8) 28. Qg6 $2 (28. Qh6+ $11 {and White is okay.} Kf7 29. Qh7+) 28... Qf4 $36 {[%mdl 2048] White must now prevent ...Be5. White is under strong pressure.} (28... Bxc3 29. Qxc6 Bxa1 30. Qxa8+ Re8 31. Qc6 $11) 29. Rae1 {[#]} (29. g3 $17 {is a better defense.} Qf3 30. Rae1) 29... Be5 $1 $19 {[%csl Ge5][%cal Rf4h2]} ({Wrong is} 29... Bxc3 $2 30. Re3 $18) ({Less strong is} 29... Rxa2 30. Rxe7 Bxe7 31. Qxc6 $17) 30. g3 Qf6 31. Qc2 Ra3 ({Don't play} 31... Bxc3 32. Rxe7 Kxe7 33. Qb1 $19) 32. f4 $2 (32. Re3 Rxc3 33. Rxc3 Bxc3 34. f4) 32... gxf4 33. Rxe5 Qxe5 34. Rxf4+ Rf7 35. Rxf7+ Kxf7 36. Qh7+ Qg7 37. Qf5+ Qf6 38. Qd7+ Kg6 39. Qe8+ Kh6 {Precision: White = 38%, Black = 83%.} 0-1